<?xml version="1.0" encoding="UTF-8"?>
<record
    xmlns:xsi="http://www.w3.org/2001/XMLSchema-instance"
    xsi:schemaLocation="http://www.loc.gov/MARC21/slim http://www.loc.gov/standards/marcxml/schema/MARC21slim.xsd"
    xmlns="http://www.loc.gov/MARC21/slim">

  <leader>03477cam a22003135i 4500</leader>
  <datafield tag="999" ind1=" " ind2=" ">
    <subfield code="c">28045</subfield>
    <subfield code="d">28016</subfield>
  </datafield>
  <controlfield tag="001">016942630</controlfield>
  <controlfield tag="003">EG-ScBUE</controlfield>
  <controlfield tag="005">20200212111712.0</controlfield>
  <controlfield tag="008">141113s2018    ii a   f      001 0 eng d</controlfield>
  <datafield tag="020" ind1=" " ind2=" ">
    <subfield code="a">9789352702237 (paperback)</subfield>
  </datafield>
  <datafield tag="040" ind1=" " ind2=" ">
    <subfield code="a">Uk</subfield>
    <subfield code="b">eng</subfield>
    <subfield code="e">rda</subfield>
    <subfield code="c">Uk</subfield>
    <subfield code="d">Uk</subfield>
    <subfield code="d">EG-ScBUE</subfield>
  </datafield>
  <datafield tag="082" ind1="0" ind2="4">
    <subfield code="a">617.632</subfield>
    <subfield code="b">RED</subfield>
    <subfield code="2">22</subfield>
  </datafield>
  <datafield tag="100" ind1="1" ind2=" ">
    <subfield code="a">Reddy, Shantipriya,</subfield>
    <subfield code="d">1968-</subfield>
    <subfield code="e">author.</subfield>
  </datafield>
  <datafield tag="245" ind1="1" ind2="0">
    <subfield code="a">Manual of clinical periodontics :</subfield>
    <subfield code="b">includes case history, instruments and viva voce /</subfield>
    <subfield code="c">Shantipriya Reddy, BDS, MDS, (periodontia), Professor and Head Department of Periodontics, Dr Syamala Reddy Dental College Hospital and Research Centre, Bengaluru, Karnataka, India.</subfield>
  </datafield>
  <datafield tag="246" ind1="3" ind2="0">
    <subfield code="a">Clinical periodontics</subfield>
  </datafield>
  <datafield tag="250" ind1=" " ind2=" ">
    <subfield code="a">Third edition.</subfield>
  </datafield>
  <datafield tag="264" ind1=" " ind2="1">
    <subfield code="a">New Delhi :</subfield>
    <subfield code="b">Jaypee Brothers Medical Publishers (P) Ltd,</subfield>
    <subfield code="c">2018.</subfield>
  </datafield>
  <datafield tag="300" ind1=" " ind2=" ">
    <subfield code="a">xi, 180 pages :</subfield>
    <subfield code="b">illustrations (black and white, and colour) ;</subfield>
    <subfield code="c">28 cm</subfield>
  </datafield>
  <datafield tag="336" ind1=" " ind2=" ">
    <subfield code="a">text</subfield>
    <subfield code="b">txt</subfield>
    <subfield code="2">rdacontent</subfield>
  </datafield>
  <datafield tag="337" ind1=" " ind2=" ">
    <subfield code="a">unmediated</subfield>
    <subfield code="b">n</subfield>
    <subfield code="2">rdamedia</subfield>
  </datafield>
  <datafield tag="338" ind1=" " ind2=" ">
    <subfield code="a">volume</subfield>
    <subfield code="b">nc</subfield>
    <subfield code="2">rdacarrier</subfield>
  </datafield>
  <datafield tag="500" ind1=" " ind2=" ">
    <subfield code="a">Includes index.</subfield>
  </datafield>
  <datafield tag="505" ind1="0" ind2=" ">
    <subfield code="a">Section 1: Case History Recording1. Case History Format2. Recording Clinical Case HistorySection 2: Instrumentation3. Periodontal Instruments and InstrumentationSection 3: Viva Voce4. Anatomy and Development of the Structures of Periodontium5. Biology of Periodontal Tissues6. Periodontal Structures in Aging Humans7. Classification Systems of Periodontal Diseases8. Epidemiology of Gingival and Periodontal Diseases9. Periodontal Microbiology10. Calculus and Other Etiological Factors11. Host Response: Basic Concepts12. Trauma from Occlusion13. Role of Systemic Diseases in the Etiology of Periodontal Diseases14. Oral Malodor15. Pathogenesis of Periodontal Diseases16. Periodontal Medicine17. Smoking and Periodontal Disease18. Host Modulation in Periodontal Therapy19. Defense Mechanism of Gingiva20. Gingival Inflammation21. Clinical Features of Gingivitis22. Gingival Enlargements23. Acute Gingival Infections24. Periodontal Diseases in Children and Young Adolescents25. Desquamative Gingivitis26. Periodontal Pocket27. Bone Loss and Patterns of Bone Destruction in 9528. Chronic Periodontitis29. Aggressive Periodontitis30. Necrotizing Ulcerative Periodontitis, Refractory Periodontitis, and Periodontitis as a Manifestation of Systemic Disease31. AIDS and the Periodontium32. Diagnosis of Periodontal Diseases33. Prognosis34. Related Risk Factors Associated with Periodontal Diseases35. Various Aids Including Advanced Diagnostic Aids36. Treatment Plan37. The rationale for Periodontal Treatment38. Periodontal Instrumentation39. Principles of Periodontal Instrumentation Including Scaling and Root Planning40. Plaque Control41. Principles of Periodontal Surgery42. Gingival Curettage43. Gingivectomy44. Periodontal Flap45. Osseous Surgery46. Mucogingival Surgery47. Furcation Involvement and its Management48. Pulpoperiodontal Problems49. Splints in Periodontal Therapy50. Dental Implants: Periodontal Considerations51. Maintenance Phase (Supportive Periodontal Treatment)52. Occlusal Evaluation and Therapy in the Management of Periodontal Disease53. Role of Orthodontics as an Adjunct to Periodontal Therapy54. Periodontal-Restorative Interrelationship55. Drugs Used in Periodontal Therapy.</subfield>
  </datafield>
  <datafield tag="650" ind1=" " ind2="7">
    <subfield code="a">Periodontics.</subfield>
    <subfield code="2">BUEsh</subfield>
    <subfield code="9">39502</subfield>
  </datafield>
  <datafield tag="653" ind1=" " ind2=" ">
    <subfield code="b">DDENT</subfield>
    <subfield code="c">February2020</subfield>
  </datafield>
  <datafield tag="700" ind1="1" ind2=" ">
    <subfield code="a">Reddy, Shantipriya,</subfield>
    <subfield code="d">1968-</subfield>
    <subfield code="t">Essentials of clinical periodontology and periodontics.</subfield>
  </datafield>
  <datafield tag="942" ind1=" " ind2=" ">
    <subfield code="2">ddc</subfield>
    <subfield code="c">BB</subfield>
  </datafield>
  <datafield tag="952" ind1=" " ind2=" ">
    <subfield code="0">0</subfield>
    <subfield code="1">0</subfield>
    <subfield code="2">ddc</subfield>
    <subfield code="4">0</subfield>
    <subfield code="7">0</subfield>
    <subfield code="8">Baccah</subfield>
    <subfield code="a">MAIN</subfield>
    <subfield code="b">MAIN</subfield>
    <subfield code="c">1ST</subfield>
    <subfield code="d">2020-02-12</subfield>
    <subfield code="e">Purchase</subfield>
    <subfield code="g">984.00</subfield>
    <subfield code="h">34028</subfield>
    <subfield code="l">3</subfield>
    <subfield code="m">2</subfield>
    <subfield code="o">617.632 RED</subfield>
    <subfield code="p">000048603</subfield>
    <subfield code="r">2025-07-15 00:00:00</subfield>
    <subfield code="s">2024-12-23</subfield>
    <subfield code="v">1230.00</subfield>
    <subfield code="w">2020-02-12</subfield>
    <subfield code="y">BB</subfield>
  </datafield>
  <datafield tag="952" ind1=" " ind2=" ">
    <subfield code="0">0</subfield>
    <subfield code="1">0</subfield>
    <subfield code="2">ddc</subfield>
    <subfield code="4">0</subfield>
    <subfield code="7">0</subfield>
    <subfield code="8">Baccah</subfield>
    <subfield code="a">MAIN</subfield>
    <subfield code="b">MAIN</subfield>
    <subfield code="c">1ST</subfield>
    <subfield code="d">2020-09-22</subfield>
    <subfield code="e">Purchase</subfield>
    <subfield code="l">0</subfield>
    <subfield code="o">617.632 RED</subfield>
    <subfield code="p">000049791</subfield>
    <subfield code="r">2020-09-22 00:00:00</subfield>
    <subfield code="w">2020-09-22</subfield>
    <subfield code="y">CDVDWBB</subfield>
  </datafield>
</record>
